Quelle ville des Pyrénées-Orientales ? - Statistiques

Statistiques générales
  • Ce quiz a été pris 55 fois
    54 depuis la dernière actualisation
  • Le résultat moyen est 13 sur 20
Statistiques - réponses
Quelle commune pyrénalienne... Lettre Ville % Correct
...fut la capitale continentale du Royaume de Majorque ? P Perpignan
98%
...dispose du plus grand nombre de places de camping en Europe ? A Argelès-sur-Mer
95%
...porte le nom du chien des Enfers et assure la liaison ferroviaire avec l'Espagne ? C Cerbère
85%
...est une station de sports d'hiver abritant le plus grand four solaire du monde ? F Font-Romeu-Odeillo-Via
83%
...avait Jean Castex pour maire avant qu'il ne devienne Premier ministre ? P Prades
83%
...est célèbre pour son muscat et son camp d'internement ? R Rivesaltes
83%
...donne son nom à un homme préhistorique qui y a son musée ? T Tautavel
76%
...est un village préféré des Français au clocher bercé par les flots ? C Collioure
71%
...envoie chaque année une caisse de cerises au Président de la République ? C Céret
68%
...est célèbre pour ses orgues rocheux et la Vénus de Prosper Mérimée ? I Ille-sur-Têt
68%
...a pour maire le "Balkany du Sud", créateur de son célèbre marché de Noël ? (L) B Le Barcarès
68%
...est un point de passage historique entre la France et l'Espagne ? (L) P Le Perthus
66%
...a vu s'entraîner Laure Manaudou et les footballeurs qui éliminèrent l'OM en Coupe de France en 2021 ? C Canet-en-Roussillon
63%
...abrite les caves Byrrh et leur cuve en chêne de plus d'un million de litres ? T Thuir
54%
...abrite une ancienne cathédrale et un cloître, autrefois centres d'un diocèse ? E Elne
46%
...est la porte historique du Pays catalan, protégée par une forteresse ? S Salses-le-Château
46%
...fut fortifiée en 1669 par Vauban qui créa le fort Libéria qui la surplombe ? V Villefranche-de-Conflent
46%
...est une citadelle à la rencontre de la Cerdagne, du Capcir et du Conflent ? M Mont-Louis
44%
...dispose d'une plage sans port de plaisance mais parsemée de blockhaus ? T Torreilles
44%
...est la commune la plus méridionale de France continentale ? L Lamanère
32%
Aucun quiz correspondant
Distribution des résultats
% des personnes avec chaque résultat
Percentile par nombre de réponses
Votre historique - résultats
Vous n’avez pas pris ce quiz depuis la dernière actualisation